Grupos interactivos : (Record no. 207517)

MARC details
000 -CABECERA
campo de control de longitud fija 01512cab a2200289 ab4500
005 - FECHA Y HORA DE LA ÚLTIMA TRANSACCIÓN
campo de control 20250827135642.0
008 - ELEMENTOS DE LONGITUD FIJA--INFORMACIÓN GENERAL
campo de control de longitud fija 991125c2016 mx qr p o 000 0 spa d
035 ## - NÚMERO DE CONTROL DEL SISTEMA
Número de control de sistema UPN01000235422
040 ## - FUENTE DE LA CATALOGACIÓN
Centro catalogador/agencia de origen MX-MxUPN
Lengua de catalogación spa
Centro/agencia transcriptor MX-MxUPN
Normas de descripción aacr2
049 ## - COLECCIÓN
Colección ART-E
100 1# - ASIENTO PRINCIPAL--NOMBRE PERSONAL
Nombre de persona Vall, Rosa
Enlace - rosavalls@ub.edu
100 1# - ASIENTO PRINCIPAL--NOMBRE PERSONAL
Nombre de persona Buslón, Nataly
100 1# - ASIENTO PRINCIPAL--NOMBRE PERSONAL
Nombre de persona López, Isabel
245 10 - MENCIÓN DE TÍTULO
Título Grupos interactivos :
Resto del título interacciones que aumentan el aprendizaje y la solidaridad
Medio [recurso electrónico en línea]
506 0# - NOTA DE RESTRICCIONES AL ACCESO
Limitaciones de acceso Acceso abierto
520 3# - NOTA DE RESUMEN, ETC.
Sumario, etc. Los grupos interactivos es la forma de organización del aula que da los mejores resultados en la actualidad en cuanto a la mejora del aprendizaje y la convivencia. A través de los grupos interactivos, se multiplican y diversifican las interacciones, a la vez que aumenta el tiempo de trabajo efectivo. Se caracterizan por ser una organización inclusora del alumnado en la que se cuenta con la ayuda de más personas adultas además del profesor o profesora responsable del aula. Padres y maestros.
653 0# - TERMINO DE INDIZACION - NO CONTROLADO
Término no controlado Grupos interactivos
653 0# - TERMINO DE INDIZACION - NO CONTROLADO
Término no controlado Aprendizaje dialógico
653 0# - TERMINO DE INDIZACION - NO CONTROLADO
Término no controlado Comunidades de aprendizaje
653 0# - TERMINO DE INDIZACION - NO CONTROLADO
Término no controlado Aprendizaje colaborativo
773 ## - ENLACE AL DOCUMENTO FUENTE/ENTRADA DE REGISTRO ANFITRIÓN
Parte(s) relacionada(s) No. 367, (2016), p. 17-21
Título Revista padres y maestros 
Número Internacional Normalizado para Publicaciones Seriadas 2255-1042
856 4# - LOCALIZACIÓN Y ACCESO ELECTRÓNICOS
Identificador Uniforme del Recurso <a href="https://revistas.comillas.edu/index.php/padresymaestros/article/view/7117/6950">https://revistas.comillas.edu/index.php/padresymaestros/article/view/7117/6950</a>
856 4# - LOCALIZACIÓN Y ACCESO ELECTRÓNICOS
Identificador Uniforme del Recurso <a href="https://doi.org/10.14422/pym.i367.y2016.003">https://doi.org/10.14422/pym.i367.y2016.003</a>
902 ## - ELEMENTOS DE DATOS B LOCAL, LDB (RLIN)
Creó Leonor Sotres/270825
905 ## - TIPO DE MATERIAL
Tipo de material Articulo
942 ## - ELEMENTOS DE PUNTO DE ACCESO ADICIONAL (KOHA)
Tipo de ítem Koha Artículo Electrónico
Holdings
Estado de retiro Estado de pérdida Estado dañado No para préstamo Código de colección Localización permanente Ubicación/localización actual Ubicación en estantería Fecha de adquisición Total de préstamos Fecha visto por última vez Identificador Uniforme del Recurso Precio válido a partir de Tipo de ítem Koha
        Acceso abierto Bib. Gregorio Torres Quintero Bib. Gregorio Torres Quintero En línea 27/08/2025   27/08/2025 https://revistas.comillas.edu/index.php/padresymaestros/article/view/7117/6950 27/08/2025 Artículo Electrónico